Born in Uppsala - Statistics

General Stats
  • This quiz has been taken 13 times
    10 since last reset
  • The average score is 4 of 11
Answer Stats
Hint Answer % Correct
Film director, "The Seventh Seal" "Fanny and Alexander" "Persona" 1918 Ingmar Bergman
100%
Astronomer and physicist best known for proposing a temperature scale which was later renamed in his honour 1701 Anders Celsius
75%
Prime Minister of Sweden from 2021 to 2022 and first woman to hold the post 1967 Magdalena Andersson
63%
Sweden's state epidemiologist from 2013 to 2022 who played a key role in the Swedish response to the COVID-19 pandemic 1956 Anders Tegnell
50%
Singer who represented Sweden at the Eurovision Song Contest 2009 with her song "Lax Voix" and mother of Greta Thunberg 1970 Malena Ernman
50%
Deputy Prime Minister of Sweden since 2022 1987 Ebba Busch
25%
Footballer who plays for Chelsea and the Swedish women's national team 1997 Nathalie Björn
25%
Footballer who plays for Real Madrid and the Swedish women's national team 1997 Filippa Angeldahl
13%
Footballer who plays for Bayern Munich and the Swedish women's national team 1987 Linda Sembrant
13%
Manager of the Swedish women's national football team since 2017 1959 Peter Gerhardsson
13%
Ice hockey defenceman who plays for the Washington Capitals 2000 Rasmus Sandin
13%
No matching quizzes found
Score Distribution
Percent of People with Each Score
Percentile by Number Answered
Your Score History
You have not taken this quiz since the last reset